00461cam a2200181u 450000100060000000300080000600500170001400800390003103500190007004000330008904100080012208200130013010000370014324500250018026000310020530000280023665000150026418509BD-RjUL20211209000308.0140220s1919 enk 000 0 eng a(BD-RjUL)18567 aDLCcCarPdDLCdBD-RjULbeng aeng a821bNEP1 aNewbolt, Henry John,d1862-1938.00aPoems: new and old / aLondon,bJ. Murray,c1912. axi, [1], 232 p.c21 cm. 2PoemaPoem